CHAOS THEORY TOMED / (Record no. 588183)

000 -LEADER
fixed length control field 00339nam a22001457a 4500
020 ## - INTERNATIONAL STANDARD BOOK NUMBER
Qualifying information PB.
040 ## - CATALOGING SOURCE
Transcribing agency FIZZA ISHAQ
082 ## - DEWEY DECIMAL CLASSIFICATION NUMBER
Classification number 003.857
Author Mark GAR
100 ## - MAIN ENTRY--PERSONAL NAME
Personal name WILLIAMS, GARNETT.
9 (RLIN) 89453
245 ## - TITLE STATEMENT
Title CHAOS THEORY TOMED /
Statement of responsibility, etc. GARNETT WILLIAMS.
250 ## - EDITION STATEMENT
Edition statement 1st ED.
260 ## - PUBLICATION, DISTRIBUTION, ETC.
Name of publisher, distributor, etc. CRC PRESS,
Date of publication, distribution, etc. 1997.
300 ## - PHYSICAL DESCRIPTION
Extent 499 P. ;
942 ## - ADDED ENTRY ELEMENTS (KOHA)
Source of classification or shelving scheme
Koha item type Book
Holdings
Withdrawn status Lost status Source of classification or shelving scheme Damaged status Not for loan Permanent Location Current Location Date acquired Total Checkouts Full call number Barcode Date last seen Price effective from Koha item type
          NUST Baluchistan Campus (NBC) NUST Baluchistan Campus (NBC) 02/23/2022   003.857 GAR Q-2658 02/23/2022 02/23/2022 Book
© 2023 Central Library, National University of Sciences and Technology. All Rights Reserved.